<?xml version="1.0" encoding="UTF-8"?><?xml-stylesheet type="text/xsl" href="static/style.xsl"?><OAI-PMH xmlns="http://www.openarchives.org/OAI/2.0/" xmlns:xsi="http://www.w3.org/2001/XMLSchema-instance" xsi:schemaLocation="http://www.openarchives.org/OAI/2.0/ http://www.openarchives.org/OAI/2.0/OAI-PMH.xsd"><responseDate>2026-04-13T03:55:48Z</responseDate><request verb="GetRecord" identifier="oai:www.recercat.cat:2072/171426" metadataPrefix="marc">https://recercat.cat/oai/request</request><GetRecord><record><header><identifier>oai:recercat.cat:2072/171426</identifier><datestamp>2026-01-15T12:31:51Z</datestamp><setSpec>com_2072_95354</setSpec><setSpec>com_2072_5211</setSpec><setSpec>col_2072_95358</setSpec></header><metadata><record xmlns="http://www.loc.gov/MARC21/slim" xmlns:dcterms="http://purl.org/dc/terms/" xmlns:xsi="http://www.w3.org/2001/XMLSchema-instance" xmlns:doc="http://www.lyncode.com/xoai" xsi:schemaLocation="http://www.loc.gov/MARC21/slim http://www.loc.gov/standards/marcxml/schema/MARC21slim.xsd">
   <leader>00925njm 22002777a 4500</leader>
   <datafield ind2=" " ind1=" " tag="042">
      <subfield code="a">dc</subfield>
   </datafield>
   <datafield ind2=" " ind1=" " tag="720">
      <subfield code="a">Calvo Rufanges, Jordi</subfield>
      <subfield code="e">author</subfield>
   </datafield>
   <datafield ind2=" " ind1=" " tag="260">
      <subfield code="c">2011-10-26T10:56:35Z</subfield>
   </datafield>
   <datafield ind2=" " ind1=" " tag="520">
      <subfield code="a">El FSM ha sido considerado el acontecimiento más relevante de la última década en el ámbito de la sociedad civil. La cuestión a la que trata de responder este trabajo es si el FSM será realmente capaz de contribuir de manera relevante a la transformación de la globalización capitalista neoliberal. Para responder a esta cuestión vamos a ir construyendo la argumentación necesaria para concluir si el FSM será el elemento clave para la transformación social que desde su seno se asegura que es, identificando el marco en el que nace y se desarrolla, la globalización capitalista neoliberal y los movimientos altermundistas; explicando el origen, las características, la evolución y las características novedosas que supone; mostrando los debates, retos logros y éxitos&#xd;
del Foro; e identificando el altermundismo y el desaprendizaje de la ideología capitalista neoliberal como la manera con la que el FSM incide en la transformación del sistema hegemónico actual.</subfield>
   </datafield>
   <datafield ind1="8" ind2=" " tag="024">
      <subfield code="a">2013-5793 (en línea)</subfield>
   </datafield>
   <datafield ind1="8" ind2=" " tag="024">
      <subfield code="a">2013-5785 (en paper)</subfield>
   </datafield>
   <datafield ind1="8" ind2=" " tag="024">
      <subfield code="a">http://hdl.handle.net/2072/171426</subfield>
   </datafield>
   <datafield ind2="0" ind1="0" tag="245">
      <subfield code="a">El Foro Social Mundial y los movimientos antisistémicos</subfield>
   </datafield>
</record></metadata></record></GetRecord></OAI-PMH>